| LEADER 00000nam 2200000uu 4500 |
| 008 150421s2557||||th 000 0 tha d |
| 041 0 ^atha^beng
|
| 060 4 ^aวพ WA780 ส739ก 2557
|
| 100 0 ^aสุกัญญา กองแก้ว
|
| 245 00 ^aรายงานวิทยานิพนธ์เรื่อง การพัฒนาระบบการจัดการมูลฝอยของพื้นที่ท่องเที่ยวเชิงเศรษฐกิจชุมชน เทศบาลตำบลห้วยทับทัน อำเภอห้วยทับทัน จังหวัดศรีสะเกษ/^bสุกัญญา กองแก้ว.
|
| 246 0 ^aThe Development of Solid Waste Management System of The Areas Economic Community Huaithapthan Municipality,Huaithapthan District, Srisaket Province
|
| 260 ^aมหาสารคาม : ^bมหาวิทยาลัยมหาสารคาม,^c2557.
|
| 300 ^a[ก]-ช, 134 หน้า;^bภาพประกอบ.
|
| 500 ^aวิทยานิพนธ์ (สม.) - - สาขาวิชาสาธารรสุขศาสตร์ มหาวิทยาลัยมหาสารคาม,2557.
|
| 650 4 ^aการกำจัดขยะ ^zไทย ^zศรีสะเกษ
|
| 650 4 ^aการกำจัดขยะ
|
| 650 4 ^aอนามัยสิ่งแวดล้อม
|
| 650 4 ^aวิทยานิพนธ์
|
| 710 2 ^aมหาวิทยาลัยมหาสารคาม. สาขาวิชาสาธารณสุขศาสตร์.
|
| 999 ^aใช้งานได้ทุกระบบ
|